Dioses Griegos - Estadísticas

Estadísticas generales
  • Esta prueba ha sido intentada 273 veces
  • La puntuación promedio es 14 de 25
Estadísticas de respuestas
Dios Respuesta % Correcto
El rayo, el trueno y rey del Olimpo Zeus
99%
La belleza, el amor y las palomas Afrodita
93%
Del mar y los caballos Poseidón
92%
El rey inframundo Hades
90%
La guerra, el combate y la batalla Ares
89%
El matrimonio, maternidad, fidelidad y las mujeres Hera
85%
Los ladrones y los mensajeros Hermes
76%
El vino y la resaca Dionisio
73%
La reina del inframundo (temporal) Perséfone
73%
La música, las matemáticas, las profecías y la homosexualidad Apolo
72%
La herrería y la fuerza Hefesto
72%
De los animales, la caza, la castidad, los embarazos, los ciervos y las Amazonas Artemisa
69%
La agricultura y los cereales Deméter
67%
Del fuego y el hogar Hestia
62%
Dios del amor y del deseo con alas Eros
56%
La tierra Gea
51%
La diosa de la discordia Eris
35%
Dios de la muerte Tanatos
33%
De la venganza Nemesis
32%
Diosa de la juventud Hebe
26%
Del mar, de las olas y de las profundidades marinas Triton
26%
La diosa del alma Psique
20%
Diosa griega del mar Anfitrite
15%
De dios griego de la fertilidad, la fecundidad animal y vegetal. Priapo
14%
La diosa del placer Voluptas
6%
No se encontraron pruebas coincidentes
Distribución de puntuación
Porcentaje de gente con cada puntuación
Porcentaje por número respondido
Historial de tus puntuaciones
No has intentado esta prueba.